Prezydenci USA od II wojny światowej - Statystyki

Ogólne statystyki
  • Ten quiz został rozwiązany 165 razy
  • Średni wynik to 11 z 15
Statystyki odpowiedzi
Hint Odpowiedź % Poprawnych
14 Donald Trump
94%
15 Joe Biden
94%
13 Barrack Obama
92%
10 George H. W. Bush
86%
12 George W. Bush
86%
4 John Kennedy
81%
9 Ronald Reagan
81%
11 Bill Clinton
80%
2 Harry Truman
78%
3 Dwight Eisenhower
70%
6 Richard Nixon
70%
8 Jimmy Carter
64%
7 Gerald Ford
62%
5 Lyndon Johnson
50%
1 Franklin Delano Roosewelt
11%
Nie znaleziono quizów pasujących do podanych kryteriów
Rozkład punktacji
Procent ludzi z każdym wynikiem
Percentyl według liczby udzielonych odpowiedzi
Twoja historia wyników
Nie rozwiązałeś tego quizu